| 000 | 01395nam a2200409 i 4500 | ||
|---|---|---|---|
| 001 | 10676 | ||
| 003 | KOSZ 005 | ||
| 005 | 20220419123400.0 | ||
| 008 | 071106s1967 pl a |000 0 pol | ||
| 015 | _aUWD 1967/3227 | ||
| 035 | _a991038080409705066 | ||
| 035 | _a(PL-WaBN)b20201618-48omnis_nlop | ||
| 035 | _ab20201618 | ||
| 035 | _a(OCoLC)750651550 | ||
| 035 | _a(PL)b0000002020161 | ||
| 035 | _a(EXLNZ-48OMNIS_NETWORK)9910455613705606 | ||
| 040 |
_aWA N _cWA N _dKOSZ 005/HR |
||
| 046 | _k1967 | ||
| 080 | _a621-192 | ||
| 100 | 1 |
_aBojarski, Włodzimierz Witold _d(1930- ) _eAutor |
|
| 245 | 1 | 0 |
_aWprowadzenie do oceny niezawodności działania układów technicznych / _cWłodzimierz W. Bojarski. |
| 260 |
_aWarszawa : _bPaństwowe Wydawnictwo Naukowe, _c1967. |
||
| 300 |
_a467, [1] s. : _bil., err. ; _c23 cm. |
||
| 336 |
_aTekst _btxt _2rdacontent |
||
| 337 |
_aBez urządzenia pośredniczącego _bn _2rdamedia |
||
| 338 |
_aWolumin _bnc _2rdacarrier |
||
| 380 | _aKsiążki | ||
| 388 | _a1901-2000 | ||
| 388 | _a1945-1989 | ||
| 504 | _aBibliogr. | ||
| 650 | 7 |
_aNiezawodność urządzeń _2DBN |
|
| 658 | _aInżynieria i technika | ||
| 710 | 2 |
_aPaństwowe Wydawnictwo Naukowe _4pbl |
|
| 856 |
_uhttp://koha.tu.koszalin.pl/cgi-bin/koha/opac-detail.pl?biblionumber=10676 _yKatalog online BPK |
||
| 942 |
_2UKD _cKS |
||
| 999 |
_c10676 _d10676 |
||